| 000 | 00508nam a2200193Ia 4500 | ||
|---|---|---|---|
| 005 | 20241209005902.0 | ||
| 008 | 240331s9999 xx 000 0 und d | ||
| 020 | _a0195632192 | ||
| 082 |
_bWOm _a891 |
||
| 245 | 0 |
_aWomen Writing in India : _b600 B.C to the Present , Volume II |
|
| 260 |
_aNew Delhi _bOxford University Press _c1995 |
||
| 300 | _aXXVIII, 641 p ., | ||
| 650 | _aSocial | ||
| 650 | _aPolitical | ||
| 650 | _aCulture | ||
| 700 |
_aTharu, S. _eedt |
||
| 700 |
_aLalita. K _eedt |
||
| 942 | _cL | ||
| 999 |
_c3372 _d3372 |
||